000 00440nam a22001697a 4500
999 _c1960
_d1959
005 20211007150123.0
008 160527b xxu||||| |||| 00| 0 eng d
020 _a0-07-058666-7
041 _aeng
082 _b5513
100 _aSemichi-levi David and others.
_93122
245 _aDesigning and Managing the supply Chain
260 _aNew Delhi
_bAcademic Faundation
_c2003
300 _a341
650 _aManagement
_9241
942 _cBK